| 000 | 00608nam a22001937a 4500 | ||
|---|---|---|---|
| 005 | 20160811115405.0 | ||
| 010 | _aENG-115718 | ||
| 020 |
_a9780143068648 _c450.00 |
||
| 035 | _aEN-99250 | ||
| 037 | _bDBAD/PUB | ||
| 082 | _a954.01 | ||
| 100 | _aDanino,Michel | ||
| 245 |
_aThe lost river: _b on the trail of the Sarasvati / _cby Michel Danino |
||
| 260 |
_aGurgaon _bPenguin Books _c2010 |
||
| 270 |
_b7th Floor Infinity Tower C, DLF Cyber City _eGurgaon ( Haryana) _k122002 |
||
| 300 |
_aix,357p.: _bill(maps) _c22cm(pbk) |
||
| 500 | _aInclude index | ||
| 942 |
_2ddc _cEN _h954.01 _mDAN |
||
| 999 |
_c102140 _d102140 |
||